Scum (Record no. 177447)

MARC details
000 -LEADER
campo de control de longitud fija 00713nam a2200229 i 4500
001 - NÚMERO DE CONTROL
campo de control 177447
003 - IDENTIFICADOR DE NÚMERO DE CONTROL
campo de control ES-MaACL
005 - FECHA Y HORA DE LA ÚLTIMA TRANSACCIÓN
campo de control 20250819165832.0
008 - DATOS DE LONGITUD FIJA--INFORMACIÓN GENERAL
campo de control de longitud fija 110323s2002 sp |||| | spa d
020 ## - NÚMERO INTERNACIONAL ESTÁNDAR DEL LIBRO
Número Internacional Estándar del Libro 84-923311-7-8
080 ## - NÚMERO DE LA CLASIFICACIÓN DECIMAL UNIVERSAL
Número de la Clasificación Decimal Universal 141.72
100 1# - ENTRADA PRINCIPAL--NOMBRE DE PERSONA
Nombre de persona Solanas, Valérie.
9 (RLIN) 145840
245 10 - MENCIÓN DEL TÍTULO
Título Scum
Resto del título : manifiesto de la organización para el exterminio del hombre /
Mención de responsabilidad, etc. Valérie Solanas ; traducción de Ana Becciu.
250 ## - MENCION DE EDICION
Mención de edición 2ª ed.
260 ## - PUBLICACIÓN, DISTRIBUCIÓN, ETC.
Lugar de publicación, distribución, etc. [Madrid] :
Nombre del editor, distribuidor, etc. Kira Edit,
Fecha de publicación, distribución, etc. 2002.
300 ## - DESCRIPCIÓN FÍSICA
Extensión 62 p. ;
Dimensiones 21 cm.
650 04 - PUNTO DE ACCESO ADICIONAL DE MATERIA--TÉRMINO DE MATERIA
Término de materia o nombre geográfico como elemento de entrada Rol sexual.
9 (RLIN) 16927
650 07 - PUNTO DE ACCESO ADICIONAL DE MATERIA--TÉRMINO DE MATERIA
Término de materia o nombre geográfico como elemento de entrada Diferencias entre los sexos
Fuente del encabezamiento o término embne
9 (RLIN) 11887
700 1# - ENTRADA AGREGADA--NOMBRE PERSONAL
Nombre de persona Becciu, Ana.
9 (RLIN) 145841
852 ## - LOCALIZACIÓN
Ubicación ES-MaACL
Número de control de estantería 2305-F-17
Holdings
Estatus retirado Estado de pérdida Estado de daño No para préstamo Colección Biblioteca de origen Biblioteca actual Ubicación en estantería Fecha de adquisición Fuente de adquisición Total de préstamos Signatura topográfica completa Código de barras Visto por última vez Precio de reemplazo Tipo de ítem Koha
        Colección de folletos Biblioteca del Ateneo de Madrid Biblioteca del Ateneo de Madrid Depósito folletos 23/03/2011     2305-F-17 1186371 23/02/2023 23/02/2023 Folleto